00448nam a2200121Ia 4500008004100000100002200041245007400063245006300137260004800200260001700248650002700265856003400292160809s9999 xx 000 0 und d aMichalak, Marcin. aApplication of Biclustering Technique in Machine Monitoring Full Text cMarcin Michalak, Silesian University of Technology, Poland bComputer Science and Information Technology cJanuary 2016 xINFORMATION TECHNOLOGY uhttp://airccse.org/V6N48.html